Football Teams Eric Bailly Played For - Statistics

General Stats
  • This quiz has been taken 24 times
    15 since last reset
  • The average score is 5 of 7
Answer Stats
League Years Team % Correct
England 2016-2022 Manchester United
100%
Spain 2015-2016 Villarreal CF
85%
Spain 2024- Villarreal CF
85%
Turkey 2023-2024 Beşiktaş JK
69%
France 2022-2023 Olympique de Marseille
62%
Spain 2014-2015 RCD Espanyol
31%
Spain 2013-2014 RCD Espanyol B
31%
No matching quizzes found
Score Distribution
Percent of People with Each Score
Percentile by Number Answered
Your Score History
You have not taken this quiz since the last reset